[Event "Titled Tuesday intern op 02nd Apr Late"]
[Site "Chess.com INT"]
[Date "2024.04.02"]
[Round "1"]
[White "Rohwer, Paul"]
[Black "Huber, Benedikt"]
[Result "0-1"]
[WhiteElo "2225"]
[BlackElo "2245"]
[PlyCount "100"]
[EventDate "2024.04.02"]
[EventType "swiss (blitz)"]
[EventRounds "11"]
[EventCountry "USA"]
[SourceTitle "CB15_2024"]
[SourceDate "2024.04.10"]
[SourceVersion "1"]
[SourceVersionDate "2024.04.10"]
[SourceQuality "1"]

1. e4 c5 2. Nf3 e6 3. Nc3 Nc6 4. d4 cxd4 5. Nxd4 Nf6 6. Nxc6 bxc6 7. Bd3 d5 8. e5 Nd7 9. f4 Bc5 10. Qg4 0-0 11. Rf1 f5 12. Qe2 a5 13. Na4 Be7 14. c3 Nb6 15. Nxb6 Qxb6 16. Be3 c5 17. Kf2 Bd7 18. Kg1 a4 19. Rab1 Rfb8 20. b4 axb3 21. axb3 Qc7 22. Rfc1 Ra3 23. Qc2 Bc6 24. h3 c4 25. bxc4 Rxb1 26. Rxb1 Ba4 27. Qb2 dxc4 28. Qb8+ Qxb8 29. Rxb8+ Kf7 30. Be2 Rxc3 31. Bd4 Rc2 32. Kf2 Bc6 33. Rc8 Bd5 34. Rc7 Ke8 35. g4 g6 36. g5 Kd8 37. Ra7 Be4 38. Bb6+ Ke8 39. Ke3 Rb2 40. Bd4 Rb3+ 41. Kf2 c3 42. Rc7 c2 43. Be3 Bd8 44. Rc5 Rxe3 45. Bb5+ Ke7 46. Rxc2 Bxc2 47. Kxe3 Bb6+ 48. Kd2 Be4 49. h4 Bf2 50. h5 gxh5 0-1

[Event "Titled Tuesday intern op 02nd Apr Late"]
[Site "Chess.com INT"]
[Date "2024.04.02"]
[Round "2"]
[White "Sjugirov, Sanan"]
[Black "Huber, Benedikt"]
[Result "1-0"]
[WhiteElo "2689"]
[BlackElo "2245"]
[PlyCount "55"]
[EventDate "2024.04.02"]
[EventType "swiss (blitz)"]
[EventRounds "11"]
[EventCountry "USA"]
[SourceTitle "CB15_2024"]
[SourceDate "2024.04.10"]
[SourceVersion "1"]
[SourceVersionDate "2024.04.10"]
[SourceQuality "1"]

1. d4 e6 2. c4 f5 3. g3 Nf6 4. Bg2 Be7 5. Nf3 0-0 6. 0-0 d6 7. Nc3 a5 8. Re1 Ne4 9. Qc2 Nxc3 10. Qxc3 Bf6 11. e4 fxe4 12. Rxe4 Nc6 13. Bf4 g5 14. Bd2 e5 15. dxe5 Nxe5 16. Nxe5 Bxe5 17. Rxe5 dxe5 18. Bd5+ Kg7 19. Qxe5+ Qf6 20. Qxc7+ Kh6 21. Be3 Be6 22. h4 Kh5 23. hxg5 Qf5 24. Bxe6 Qxe6 25. Qxh7+ Kg4 26. Qh4+ Kf3 27. Re1 Qg4 28. Qh1# 1-0

[Event "AUT-chT 2324"]
[Site "Austria"]
[Date "2023.11.22"]
[Round "1.5"]
[White "Schreiner, Peter"]
[Black "Huber, Benedikt"]
[Result "1-0"]
[WhiteElo "2393"]
[BlackElo "2270"]
[PlyCount "81"]
[EventDate "2023.11.22"]
[EventType "team-tourn"]
[EventRounds "11"]
[EventCountry "AUT"]
[SourceTitle "CB48_2023"]
[SourceDate "2023.11.29"]
[SourceVersion "1"]
[SourceVersionDate "2023.11.29"]
[SourceQuality "1"]
[WhiteTeam "Raika Feffernitz"]
[BlackTeam "Ottakring"]
[WhiteTeamCountry "AUT"]
[BlackTeamCountry "AUT"]

1. d4 d5 2. c4 e6 3. Nf3 Nf6 4. g3 dxc4 5. Bg2 c5 6. 0-0 Nc6 7. dxc5 Qxd1 8. Rxd1 Bxc5 9. Nbd2 c3 10. bxc3 0-0 11. Nb3 Be7 12. c4 Bd7 13. Bb2 Rfc8 14. Rac1 Be8 15. Nfd4 Nxd4 16. Bxd4 Bc6 17. Bxc6 Rxc6 18. Na5 Ra6 19. Nxb7 Rb8 20. Bxf6 gxf6 21. Rd7 Kf8 22. Rc7 Rb6 23. Na5 Rb2 24. Rd1 Rxe2 25. Nb7 Rxa2 26. Rdd7 Re8 27. c5 a5 28. Nd6 Bxd6 29. Rxf7+ Kg8 30. Rg7+ Kh8 31. Rxh7+ Kg8 32. Rhg7+ Kh8 33. cxd6 Rd8 34. Rge7 Kg8 35. Rxe6 a4 36. Rxf6 a3 37. Ra7 Ra1+ 38. Kg2 a2 39. Re6 Rd7 40. Ra8+ Kf7 41. Re2 1-0

[Event "Titled Tuesday intern op 22nd Aug Late"]
[Site "Chess.com INT"]
[Date "2023.08.22"]
[Round "1"]
[White "Huber, Benedikt"]
[Black "Phillips, Rene"]
[Result "1-0"]
[WhiteElo "2272"]
[BlackElo "1852"]
[PlyCount "69"]
[EventDate "2023.08.22"]
[EventType "swiss (blitz)"]
[EventRounds "11"]
[EventCountry "USA"]
[SourceTitle "EXT 2024"]
[Source "ChessBase"]
[SourceDate "2023.10.10"]
[SourceVersion "1"]
[SourceVersionDate "2023.10.10"]
[SourceQuality "1"]

1. e4 Nc6 2. d4 d5 3. exd5 Qxd5 4. Nf3 Bg4 5. Nc3 Bxf3 6. Nxd5 Bxd1 7. Nxc7+ Kd8 8. Nxa8 Bg4 9. Bf4 e5 10. dxe5 Be6 11. 0-0-0+ Kc8 12. Bb5 Nge7 13. Be3 Nd5 14. Bg5 Kb8 15. Bxc6 bxc6 16. c4 Nb4 17. Rd8+ Kb7 18. Be7 Bxe7 19. Rxh8 Bg5+ 20. Kd1 Bg4+ 21. f3 Bc8 22. Ke2 Nc2 23. Rd1 c5 24. Rd5 Nd4+ 25. Kd3 Bf5+ 26. Kc3 Ne2+ 27. Kb3 Nd4+ 28. Ka3 Nc2+ 29. Ka4 Nb4 30. Rdd8 Nc6 31. Rdf8 Bd7 32. Kb3 Nd4+ 33. Kc3 Ne2+ 34. Kd3 Nd4 35. Rxf7 1-0

[Event "Titled Tuesday intern op 08th Aug Late"]
[Site "Chess.com INT"]
[Date "2023.08.08"]
[Round "1"]
[White "Fernandez Bustamante, Leancy B"]
[Black "Huber, Benedikt"]
[Result "0-1"]
[WhiteElo "2059"]
[BlackElo "2272"]
[PlyCount "64"]
[EventDate "2023.08.08"]
[EventType "swiss (blitz)"]
[EventRounds "11"]
[EventCountry "USA"]
[SourceTitle "EXT 2024"]
[Source "ChessBase"]
[SourceDate "2023.10.10"]
[SourceVersion "1"]
[SourceVersionDate "2023.10.10"]
[SourceQuality "1"]

1. e4 c5 2. Nf3 e6 3. c3 Nf6 4. e5 Nd5 5. d4 cxd4 6. cxd4 d6 7. Nc3 dxe5 8. Nxe5 Nc6 9. Nxc6 bxc6 10. Bd3 Bd6 11. Ne4 Bb4+ 12. Bd2 0-0 13. 0-0 Qb6 14. Be3 Ba6 15. Ng5 h6 16. Nf3 Bd6 17. Bxa6 Qxa6 18. Ne5 Bxe5 19. dxe5 Nxe3 20. fxe3 Rad8 21. Qc2 Rd5 22. Rfc1 Rxe5 23. Qxc6 Qe2 24. Rc3 Rd8 25. h3 Rd2 26. Rf1 Rg5 27. Qa8+ Kh7 28. Qe4+ f5 29. Qf3 Rxg2+ 30. Kh1 Rh2+ 31. Kg1 Qg2+ 32. Qxg2 Rdxg2# 0-1

[Event "Nordhausen op 13th"]
[Site "Nordhausen"]
[Date "2023.08.04"]
[Round "3"]
[White "Huber, Benedikt"]
[Black "Melestean, Timur"]
[Result "1-0"]
[WhiteElo "2272"]
[BlackElo "1807"]
[PlyCount "53"]
[EventDate "2023.08.03"]
[EventType "swiss"]
[EventRounds "7"]
[EventCountry "GER"]
[SourceTitle "CBM 215 Extra"]
[Source "ChessBase"]
[SourceDate "2023.09.30"]
[SourceVersion "1"]
[SourceVersionDate "2023.09.30"]
[SourceQuality "1"]

1. d4 d5 2. c4 c6 3. Nf3 Nf6 4. cxd5 cxd5 5. Nc3 Nc6 6. Bf4 a6 7. Rc1 Bf5 8. e3 Rc8 9. Be2 e6 10. 0-0 Bd6 11. Bxd6 Qxd6 12. Na4 Nd7 13. Qb3 Qb8 14. Nc5 Nxc5 15. Rxc5 0-0 16. Rfc1 Ne7 17. Ne5 Rfd8 18. Qb6 Rxc5 19. Rxc5 Rd6 20. Qc7 Qd8 21. Qxd8+ Rxd8 22. Rc7 f6 23. Nd3 Nc8 24. Rxb7 Nd6 25. Ra7 Nc4 26. b3 Rc8 27. Nc5 1-0

[Event "Titled Tuesday intern op 25th Apr Early"]
[Site "Chess.com INT"]
[Date "2023.04.25"]
[Round "2"]
[White "Huber, Benedikt"]
[Black "De Souza, Cristiano Gomes"]
[Result "1-0"]
[WhiteElo "2316"]
[BlackElo "2018"]
[PlyCount "113"]
[EventDate "2023.04.25"]
[EventType "swiss (blitz)"]
[EventRounds "11"]
[EventCountry "USA"]
[SourceTitle "EXT 2024"]
[Source "ChessBase"]
[SourceDate "2023.10.10"]
[SourceVersion "1"]
[SourceVersionDate "2023.10.10"]
[SourceQuality "1"]

1. d4 Nf6 2. Nc3 g6 3. e4 d6 4. Nf3 Bg7 5. Be2 0-0 6. 0-0 c6 7. a4 Bg4 8. Be3 Nbd7 9. h3 Bxf3 10. Bxf3 e5 11. d5 c5 12. Bg4 Nxg4 13. hxg4 f5 14. gxf5 gxf5 15. exf5 Rxf5 16. Ne4 Nf6 17. Qd3 Nxe4 18. Qxe4 Qf6 19. Ra3 h5 20. Bd2 Rf8 21. Qe2 Qf7 22. Rh3 Qxd5 23. Be3 Qf7 24. Rd1 Qg6 25. Qd3 R8f6 26. Qc4+ Qf7 27. Qe4 Bf8 28. Rg3+ Rg6 29. Rh3 Rgf6 30. Kh1 Qe6 31. Qh4 Rg6 32. Rg3 Rxg3 33. Qxg3+ Kf7 34. c3 Qg6 35. Qh3 Be7 36. b4 Qg4 37. Qxg4 hxg4 38. bxc5 dxc5 39. Rd7 Ke6 40. Rxb7 Rh5+ 41. Kg1 Rf5 42. Rxa7 g3 43. fxg3 e4 44. Ra6+ Kd5 45. g4 Rf7 46. g5 Bd6 47. g6 Rg7 48. c4+ Kxc4 49. Rxd6 Kb4 50. Rc6 Kxa4 51. Bxc5 Kb5 52. Bd4 Kxc6 53. Bxg7 Kd7 54. Kf2 Ke6 55. Bd4 Ke7 56. g7 Kf7 57. Ke3 1-0

[Event "Titled Tuesday intern op 25th Apr Early"]
[Site "Chess.com INT"]
[Date "2023.04.25"]
[Round "3"]
[White "Huber, Benedikt"]
[Black "Prohaszka, Peter"]
[Result "1-0"]
[WhiteElo "2316"]
[BlackElo "2584"]
[PlyCount "75"]
[EventDate "2023.04.25"]
[EventType "swiss (blitz)"]
[EventRounds "11"]
[EventCountry "USA"]
[SourceTitle "EXT 2024"]
[Source "ChessBase"]
[SourceDate "2023.10.10"]
[SourceVersion "1"]
[SourceVersionDate "2023.10.10"]
[SourceQuality "1"]

1. d4 d5 2. Nc3 Nf6 3. Bf4 e6 4. Nb5 Na6 5. e3 c6 6. Nc3 Bd6 7. Bxd6 Qxd6 8. Bxa6 bxa6 9. Nf3 Rb8 10. Na4 Ne4 11. 0-0 c5 12. Nd2 cxd4 13. exd4 Nxd2 14. Qxd2 Qb4 15. Qf4 Rb5 16. b3 0-0 17. c3 Qe7 18. Nc5 e5 19. Qe3 e4 20. f3 f5 21. fxe4 dxe4 22. c4 Rb6 23. Na4 Rbf6 24. Nc3 h6 25. Nd5 Qd6 26. Nxf6+ Rxf6 27. d5 Qe5 28. Rad1 f4 29. Qd4 Qf5 30. d6 Rf7 31. c5 Bd7 32. Qd5 e3 33. Qxf5 Rxf5 34. c6 e2 35. cxd7 Rf8 36. Rc1 exf1Q+ 37. Kxf1 Rd8 38. Rc8 1-0

[Event "Titled Tuesday intern op 11th Apr Early"]
[Site "Chess.com INT"]
[Date "2023.04.11"]
[Round "5"]
[White "Huber, Benedikt"]
[Black "Liyanage, Ranindu Dilshan"]
[Result "0-1"]
[WhiteElo "2316"]
[BlackElo "2342"]
[PlyCount "104"]
[EventDate "2023.04.11"]
[EventType "swiss (blitz)"]
[EventRounds "11"]
[EventCountry "USA"]
[SourceTitle "CBM 213 Extra"]
[Source "ChessBase"]
[SourceDate "2023.05.31"]
[SourceVersion "1"]
[SourceVersionDate "2023.05.31"]
[SourceQuality "1"]

1. d4 Nf6 2. Nc3 d5 3. Bf4 e6 4. Nb5 Na6 5. e3 Be7 6. Nf3 0-0 7. Be2 Nh5 8. Be5 f6 9. Bg3 c6 10. Nc3 c5 11. Nd2 Nxg3 12. hxg3 c4 13. e4 Nc7 14. Bf3 b5 15. exd5 exd5 16. a4 b4 17. Ne2 Bd6 18. Nf4 Re8+ 19. Kf1 Bxf4 20. gxf4 Qd6 21. g3 Bf5 22. Kg2 Rab8 23. Nf1 Be4 24. Ne3 Bxf3+ 25. Qxf3 Re4 26. Qh5 h6 27. Nf5 Qd7 28. Qg6 Kf8 29. Rxh6 gxh6 30. Qxh6+ Kf7 31. Qg7+ Ke6 32. Qg4 Qc8 33. Rh1 Qg8 34. Ng7+ Kd6 35. Rh6 Ne8 36. Rg6 Qf7 37. Qf5 Nxg7 38. Qg4 Ne6 39. Qh4 Qe7 40. Rxf6 Re8 41. f5 Kd7 42. fxe6+ Rxe6 43. Qh5 Qxf6 44. Qxd5+ Rd6 45. Qb7+ Kd8 46. Qb8+ Ke7 47. Qb7+ Kf8 48. d5 Qe5 49. Qh7 Qxd5+ 50. Kh2 Qf7 51. Qh8+ Ke7 52. Qh4+ Rf6 0-1

[Event "Titled Tuesday intern op 11th Apr Early"]
[Site "Chess.com INT"]
[Date "2023.04.11"]
[Round "2"]
[White "Huber, Benedikt"]
[Black "Winkels, Marcel"]
[Result "1-0"]
[WhiteElo "2316"]
[BlackElo "1962"]
[PlyCount "157"]
[EventDate "2023.04.11"]
[EventType "swiss (blitz)"]
[EventRounds "11"]
[EventCountry "USA"]
[SourceTitle "CBM 213 Extra"]
[Source "ChessBase"]
[SourceDate "2023.05.31"]
[SourceVersion "1"]
[SourceVersionDate "2023.05.31"]
[SourceQuality "1"]

1. d4 Nf6 2. Nc3 d5 3. Bf4 c6 4. e3 Bf5 5. f3 e6 6. g4 Bg6 7. h4 h5 8. g5 Ng8 9. Bd3 Bxd3 10. Qxd3 g6 11. Be5 Rh7 12. Nh3 Bd6 13. Nf4 Bxe5 14. dxe5 Nd7 15. Nxg6 fxg6 16. Qxg6+ Rf7 17. Qxg8+ Ke7 18. Qxd8+ Rxd8 19. f4 c5 20. 0-0-0 d4 21. Ne4 dxe3 22. Nf6 Nb6 23. Rxd8 Kxd8 24. g6 Rg7 25. Rg1 Nc4 26. Nxh5 Rg8 27. g7 e2 28. b3 Ne3 29. Kd2 Nf5 30. Kxe2 Ke7 31. Nf6 Rxg7 32. Rxg7+ Nxg7 33. h5 Nf5 34. Kd3 b5 35. Ne4 Kf7 36. Nxc5 Ng3 37. h6 Nh5 38. Ke4 Ng3+ 39. Kd3 Nh5 40. Ke3 a5 41. Nxe6 Kg6 42. Nd4 Kxh6 43. Nxb5 Kg6 44. Nd4 Ng3 45. f5+ Kf7 46. Kf4 Nh5+ 47. Kg5 Ng7 48. f6 Ne8 49. e6+ Kf8 50. e7+ Kf7 51. Nf3 Nxf6 52. Ne5+ Kxe7 53. Nc6+ Ke6 54. Nxa5 Ne4+ 55. Kf4 Nc3 56. a3 Kd5 57. Ke3 Kc5 58. Kd3 Na2 59. Kd2 Kb5 60. Nc4 Kc5 61. Ne3 Kd4 62. Nf1 Nc3 63. Ng3 Nb1+ 64. Kc1 Nxa3 65. Kb2 Nb5 66. Ne2+ Kc5 67. c4 Nd6 68. Kc3 Ne4+ 69. Kd3 Nd6 70. Nc1 Kb4 71. Kd4 Nb7 72. Ke5 Kc3 73. Kd5 Kb4 74. Kc6 Na5+ 75. Kd5 Nb7 76. Ke4 Na5 77. Kd3 Nb7 78. Kc2 Nc5 79. Nd3+ 1-0

[Event "Titled Tuesday intern op 21st Mar Late"]
[Site "Chess.com INT"]
[Date "2023.03.21"]
[Round "5"]
[White "Huber, Benedikt"]
[Black "Melikyan, Gnel"]
[Result "0-1"]
[WhiteElo "2316"]
[BlackElo "2238"]
[PlyCount "82"]
[EventDate "2023.03.21"]
[EventType "swiss (blitz)"]
[EventRounds "11"]
[EventCountry "USA"]
[SourceTitle "EXT 2024"]
[Source "ChessBase"]
[SourceDate "2023.10.10"]
[SourceVersion "1"]
[SourceVersionDate "2023.10.10"]
[SourceQuality "1"]

1. d4 f6 2. e4 d6 3. Bd3 e5 4. Nf3 Nc6 5. Be3 Nge7 6. Nc3 Ng6 7. d5 Nb8 8. h4 Be7 9. Qd2 a6 10. h5 Nf8 11. Nh4 g5 12. hxg6 hxg6 13. 0-0-0 b5 14. f4 exf4 15. Bd4 c5 16. dxc6 Nxc6 17. Nf3 Rxh1 18. Rxh1 g5 19. Nd5 Rb8 20. Qc3 Ne5 21. Bxe5 dxe5 22. Nc7+ Kf7 23. Qb3+ Kg7 24. Nd5 Be6 25. c3 Rc8 26. Kb1 Ng6 27. Qc2 g4 28. Nh4 Nxh4 29. Rxh4 f5 30. Qe2 Bxh4 31. exf5 Qxd5 32. Qxg4+ Kf8 33. Bc2 Qxa2+ 34. Kc1 Bf6 35. fxe6 Ke7 36. Bf5 Rh8 37. Qf3 e4 38. Qxe4 Rh1+ 39. Kd2 Qxb2+ 40. Kd3 Qxc3+ 41. Ke2 Re1+ 0-1

[Event "Titled Tuesday intern op 21st Mar Late"]
[Site "Chess.com INT"]
[Date "2023.03.21"]
[Round "4"]
[White "Stanisz, Patryk"]
[Black "Huber, Benedikt"]
[Result "0-1"]
[WhiteElo "2132"]
[BlackElo "2316"]
[PlyCount "74"]
[EventDate "2023.03.21"]
[EventType "swiss (blitz)"]
[EventRounds "11"]
[EventCountry "USA"]
[SourceTitle "EXT 2024"]
[Source "ChessBase"]
[SourceDate "2023.10.10"]
[SourceVersion "1"]
[SourceVersionDate "2023.10.10"]
[SourceQuality "1"]

1. d4 e6 2. c4 f5 3. Nc3 Nf6 4. Nf3 Bb4 5. Bg5 h6 6. Bxf6 Qxf6 7. Qc2 b6 8. e3 Bb7 9. Be2 0-0 10. a3 Bxc3+ 11. Qxc3 d6 12. 0-0-0 Nd7 13. Rhg1 Qe7 14. Nd2 Nf6 15. f3 e5 16. dxe5 dxe5 17. Nb3 a5 18. Kb1 a4 19. Nc1 Nd7 20. Nd3 e4 21. fxe4 Bxe4 22. Ka1 Qg5 23. Nf4 Nc5 24. h4 Qf6 25. Qxf6 Rxf6 26. g4 fxg4 27. Bxg4 Re8 28. Bd7 Re7 29. Bh3 Re8 30. Bd7 Rd8 31. Bh3 Rfd6 32. Rxd6 Rxd6 33. Ka2 Bc2 34. Bg2 Bb3+ 35. Kb1 Bxc4 36. h5 Rd2 37. Bf1 Rd1+ 0-1

[Event "Titled Tuesday intern op 7th Mar Late"]
[Site "Chess.com INT"]
[Date "2023.03.07"]
[Round "1"]
[White "Corrales Jimenez, Fidel"]
[Black "Huber, Benedikt"]
[Result "1-0"]
[WhiteElo "2489"]
[BlackElo "2316"]
[PlyCount "73"]
[EventDate "2023.03.07"]
[EventType "swiss (blitz)"]
[EventRounds "11"]
[EventCountry "USA"]
[SourceTitle "EXT 2024"]
[Source "ChessBase"]
[SourceDate "2023.10.10"]
[SourceVersion "1"]
[SourceVersionDate "2023.10.10"]
[SourceQuality "1"]

1. e4 c5 2. Nf3 e6 3. d4 cxd4 4. Nxd4 Nc6 5. Nc3 Qc7 6. g3 a6 7. Bg2 Nf6 8. 0-0 Nxd4 9. Qxd4 Bc5 10. Qd3 h5 11. Bf4 d6 12. Rad1 e5 13. Bg5 Bg4 14. Bxf6 gxf6 15. Nd5 Qd8 16. Rd2 Be6 17. c3 a5 18. h4 Bxd5 19. Qxd5 Qc7 20. Kh2 Qc6 21. Qd3 0-0-0 22. Qf3 Rh6 23. Rfd1 Kb8 24. b3 Qb6 25. Kg1 Rg6 26. Rd3 Rdg8 27. Kf1 Rc8 28. Bh3 Rc7 29. R1d2 Rh6 30. Kg2 Ka7 31. Bf5 Rh8 32. Qd1 Qc6 33. Rf3 Bb6 34. Bh3 Rh6 35. Rd5 Kb8 36. Qd2 Qe8 37. Qxh6 1-0

[Event "Titled Tuesday intern op 7th Mar Early"]
[Site "Chess.com INT"]
[Date "2023.03.07"]
[Round "1"]
[White "Zhigalko, Sergei"]
[Black "Huber, Benedikt"]
[Result "1-0"]
[WhiteElo "2572"]
[BlackElo "2316"]
[PlyCount "39"]
[EventDate "2023.03.07"]
[EventType "swiss (blitz)"]
[EventRounds "11"]
[EventCountry "USA"]
[SourceTitle "EXT 2024"]
[Source "ChessBase"]
[SourceDate "2023.10.10"]
[SourceVersion "1"]
[SourceVersionDate "2023.10.10"]
[SourceQuality "1"]

1. e4 c5 2. Nf3 e6 3. c3 Nf6 4. e5 Nd5 5. Bc4 Nc6 6. d4 cxd4 7. cxd4 d6 8. 0-0 Be7 9. Bd2 0-0 10. Nc3 Nxc3 11. Bxc3 b6 12. Qe2 Bb7 13. a3 Rc8 14. Bd3 dxe5 15. dxe5 Bc5 16. Rad1 Qc7 17. Bxh7+ Kxh7 18. Ng5+ Kg6 19. Qg4 f5 20. exf6 1-0

[Event "Titled Tuesday intern op 07th Feb Early"]
[Site "Chess.com INT"]
[Date "2023.02.07"]
[Round "1"]
[White "Ahmadzada, Ahmad Samir"]
[Black "Huber, Benedikt"]
[Result "1-0"]
[WhiteElo "2487"]
[BlackElo "2292"]
[PlyCount "45"]
[EventDate "2023.02.07"]
[EventType "swiss (blitz)"]
[EventRounds "11"]
[EventCountry "USA"]
[SourceTitle "EXT 2024"]
[Source "ChessBase"]
[SourceDate "2023.10.10"]
[SourceVersion "1"]
[SourceVersionDate "2023.10.10"]
[SourceQuality "1"]

1. Nf3 f5 2. g3 Nf6 3. Bg2 d6 4. 0-0 e5 5. d3 Be7 6. c4 0-0 7. Nc3 c6 8. b4 Qe8 9. b5 Qh5 10. Bg5 Nbd7 11. bxc6 bxc6 12. Qa4 e4 13. dxe4 fxe4 14. Nxe4 Ne5 15. Nxe5 dxe5 16. Bxf6 Bxf6 17. Qxc6 Bh3 18. Bxh3 Qxh3 19. Rfd1 Rac8 20. Qd5+ Kh8 21. c5 Bd8 22. Nd6 Rc7 23. Nf7+ 1-0

[Event "Titled Tuesday intern op 07th Feb Late"]
[Site "Chess.com INT"]
[Date "2023.02.07"]
[Round "2"]
[White "Huber, Benedikt"]
[Black "Winkels, Marcel"]
[Result "1-0"]
[WhiteElo "2292"]
[BlackElo "1957"]
[PlyCount "131"]
[EventDate "2023.02.07"]
[EventType "swiss (blitz)"]
[EventRounds "11"]
[EventCountry "USA"]
[SourceTitle "EXT 2024"]
[Source "ChessBase"]
[SourceDate "2023.10.10"]
[SourceVersion "1"]
[SourceVersionDate "2023.10.10"]
[SourceQuality "1"]

1. d4 Nf6 2. Nc3 d5 3. Bf4 a6 4. e3 g6 5. Nf3 Bg7 6. Ne5 0-0 7. h4 h5 8. Be2 Nbd7 9. g4 Nxe5 10. dxe5 Nxg4 11. Qxd5 e6 12. Qe4 Bd7 13. Rg1 Bc6 14. Qc4 Nxe5 15. Bxe5 Bxe5 16. Bxh5 Bg7 17. Be2 Qd7 18. h5 Bb5 19. Nxb5 Qxb5 20. Qxb5 axb5 21. hxg6 c6 22. c3 Rad8 23. Rd1 Rd5 24. Bf3 Rxd1+ 25. Kxd1 Rd8+ 26. Kc2 fxg6 27. Rxg6 Kf7 28. Bh5 Rd5 29. Rg5+ Kf8 30. Rxd5 exd5 31. Bg4 Ke7 32. Bc8 b6 33. Kd3 Kd6 34. Bg4 b4 35. cxb4 Bxb2 36. Kc2 Bf6 37. a4 Bd8 38. Kb3 c5 39. Be2 c4+ 40. Kc3 Ke5 41. Bf3 Bf6 42. Bg2 Kd6+ 43. Kc2 Kc6 44. f4 Kd6 45. a5 bxa5 46. bxa5 Bd8 47. a6 Bb6 48. Kd2 Ba7 49. Bf3 Ke6 50. Bg4+ Kd6 51. Bf5 d4 52. e4 d3 53. Bh7 Bc5 54. e5+ Kc6 55. f5 Bb4+ 56. Kd1 c3 57. f6 c2+ 58. Kc1 Ba3+ 59. Kd2 c1Q+ 60. Kxd3 Qd1+ 61. Ke3 Qe1+ 62. Kf4 Qf2+ 63. Kg5 Qg3+ 64. Kh6 Qxe5 65. f7 Qf6+ 66. Bg6 1-0

[Event "Titled Tuesday intern op 07th Feb Late"]
[Site "Chess.com INT"]
[Date "2023.02.07"]
[Round "3"]
[White "Martinez Ramirez, Lennis"]
[Black "Huber, Benedikt"]
[Result "1-0"]
[WhiteElo "2415"]
[BlackElo "2292"]
[PlyCount "71"]
[EventDate "2023.02.07"]
[EventType "swiss (blitz)"]
[EventRounds "11"]
[EventCountry "USA"]
[SourceTitle "EXT 2024"]
[Source "ChessBase"]
[SourceDate "2023.10.10"]
[SourceVersion "1"]
[SourceVersionDate "2023.10.10"]
[SourceQuality "1"]

1. Nf3 f5 2. d4 Nf6 3. h3 e6 4. g4 fxg4 5. hxg4 Nxg4 6. Qd3 Nf6 7. Ng5 d5 8. Bf4 Nc6 9. Rxh7 Rxh7 10. Qg6+ Kd7 11. Nxh7 Nxd4 12. Be5 Nxh7 13. Bxd4 Qh4 14. Bxg7 Bxg7 15. Qxg7+ Qe7 16. Qg6 b6 17. Nd2 Ba6 18. Nf3 Rf8 19. 0-0-0 Kc8 20. Qg3 Nf6 21. Ng5 Rg8 22. Qe5 Ng4 23. Qxe6+ Qxe6 24. Nxe6 Nxf2 25. Re1 Rg1 26. Nf4 c5 27. Nxd5 Bb7 28. Nf4 Kc7 29. e3 Bf3 30. Kd2 Ne4+ 31. Kd3 Nf2+ 32. Kc4 Rxf1 33. Rxf1 Be2+ 34. Nxe2 Ne4 35. Kd3 Ng3 36. Nxg3 1-0

[Event "Titled Tuesday intern op 24th Jan Late"]
[Site "Chess.com INT"]
[Date "2023.01.24"]
[Round "1"]
[White "Fawzy, Adham"]
[Black "Huber, Benedikt"]
[Result "1-0"]
[WhiteElo "2489"]
[BlackElo "2305"]
[PlyCount "79"]
[EventDate "2023.01.24"]
[EventType "swiss (blitz)"]
[EventRounds "11"]
[EventCountry "USA"]
[SourceTitle "EXT 2024"]
[Source "ChessBase"]
[SourceDate "2023.10.10"]
[SourceVersion "1"]
[SourceVersionDate "2023.10.10"]
[SourceQuality "1"]

1. e4 c5 2. c4 e6 3. Nc3 Nc6 4. g3 g6 5. Bg2 Bg7 6. d3 Nge7 7. Nge2 0-0 8. Be3 b6 9. d4 cxd4 10. Nxd4 Ba6 11. b3 d5 12. exd5 exd5 13. Nxd5 Nxd5 14. Bxd5 Nxd4 15. Bxd4 Re8+ 16. Be3 Bxa1 17. Qxa1 Rb8 18. 0-0 Qe7 19. Bh6 Qe5 20. Qxe5 Rxe5 21. Bf4 Rxd5 22. cxd5 Bxf1 23. Bxb8 Bd3 24. Bxa7 b5 25. a4 bxa4 26. bxa4 Bf5 27. a5 Bc8 28. f4 h6 29. Kf2 g5 30. Be3 f6 31. fxg5 fxg5 32. Bc5 Kf7 33. Ke3 Kf6 34. Kd4 Ba6 35. Bd6 Kf7 36. Kc5 Ke8 37. Kc6 Kd8 38. Be5 Kc8 39. g4 Be2 40. Bg7 1-0

[Event "Titled Tuesday intern op 24th Jan Late"]
[Site "Chess.com INT"]
[Date "2023.01.24"]
[Round "5"]
[White "Huber, Benedikt"]
[Black "Zenelaj, Samuel"]
[Result "1-0"]
[WhiteElo "2305"]
[BlackElo "2327"]
[PlyCount "59"]
[EventDate "2023.01.24"]
[EventType "swiss (blitz)"]
[EventRounds "11"]
[EventCountry "USA"]
[SourceTitle "EXT 2024"]
[Source "ChessBase"]
[SourceDate "2023.10.10"]
[SourceVersion "1"]
[SourceVersionDate "2023.10.10"]
[SourceQuality "1"]

1. d4 Nf6 2. Nc3 d5 3. Bf4 a6 4. e3 e6 5. g4 c5 6. g5 Ne4 7. Nxe4 dxe4 8. Bg2 cxd4 9. exd4 Nc6 10. Ne2 Qd5 11. Nc3 Qxd4 12. Nxe4 Be7 13. Nd6+ Kf8 14. Bg3 e5 15. Nxc8 Rxc8 16. c3 Qb6 17. 0-0 g6 18. Bd5 Bxg5 19. Qf3 f5 20. Rfe1 Bf6 21. h4 Kg7 22. Rad1 Rhd8 23. h5 Qb5 24. Bb3 e4 25. Qf4 Qe5 26. h6+ Kf8 27. Qe3 Qe7 28. Qe2 Be5 29. Qc4 Qg5 30. Qf7# 1-0

[Event "Titled Tuesday intern op 10th Jan Late"]
[Site "Chess.com INT"]
[Date "2023.01.10"]
[Round "3"]
[White "Huber, Benedikt"]
[Black "Rastbod, Ali"]
[Result "1-0"]
[WhiteElo "2305"]
[BlackElo "2347"]
[PlyCount "73"]
[EventDate "2023.01.10"]
[EventType "swiss (blitz)"]
[EventRounds "11"]
[EventCountry "USA"]
[SourceTitle "EXT 2024"]
[Source "ChessBase"]
[SourceDate "2023.10.10"]
[SourceVersion "1"]
[SourceVersionDate "2023.10.10"]
[SourceQuality "1"]

1. d4 g6 2. e4 Bg7 3. Nc3 d6 4. Nf3 Bg4 5. Be3 e6 6. h3 Bxf3 7. Qxf3 h6 8. 0-0-0 c6 9. e5 d5 10. Ne2 c5 11. dxc5 Nc6 12. Nd4 Bxe5 13. Bb5 Rc8 14. Rhe1 Qf6 15. Qe2 Nge7 16. Kb1 0-0 17. Bxc6 Nxc6 18. c3 Bxd4 19. cxd4 Kh7 20. Qd2 g5 21. h4 g4 22. f3 g3 23. Ka1 a5 24. a3 a4 25. Bf4 Rg8 26. Bd6 Ra8 27. Rh1 h5 28. Rh3 Ra5 29. Rxg3 Rxg3 30. Bxg3 Rb5 31. Qd3+ Qg6 32. Qxb5 Qxg3 33. Qxb7 Na5 34. Qxf7+ Kh6 35. Qxe6+ Kh7 36. Qf5+ Kh6 37. Qg5+ 1-0